000 00291nam a2200121Ia 4500
008 191201s2012 xx 000 0 und d
100 _aDHOGAL, PS
245 0 _aBasic Electrical Engineering Vol -1
250 _a45th rep
260 _c2012
_bTMH
_aNEW DELHI
300 _a257
942 _2ddc
_cBK
999 _c8052
_d8052